000 00415nam a2200133Ia 4500
008 211109s9999||||xx |||||||||||||| ||und||
082 _a76.43
_bGOP-J
100 _aGopinathan Nair [t N],
245 0 _aJanadrohi
260 _bSAHITHYA PRVARTHAKA SANGHAM
_aKottayam
_c1951
630 _xGeneral Stack
650 _aNEWS MEDIA JOURNALISM&PUBLISHING
_vIN IBERIAN PENINSULA & ADJACENT ISLANDS
_xGeneralia
942 _cBOOK
999 _c17320
_d17320